Modernisation of the ornamental fish industry in Singapore /
Saved in:
| Main Author: | |
|---|---|
| Format: | Thesis Book |
| Language: | English |
| Published: |
1996.
|
| Subjects: | |
| Tags: |
Add Tag
No Tags, Be the first to tag this record!
|
| LEADER | 00739cam a2200229 a 4500 | ||
|---|---|---|---|
| 001 | u403255 | ||
| 003 | SIRSI | ||
| 008 | 960926s1996 si v 00 1 eng | ||
| 035 | |a ACB-3455 | ||
| 040 | |a UMM | ||
| 043 | |a a-si--- | ||
| 090 | |a SF458.83 |b S55Teo | ||
| 100 | 1 | 0 | |a Teo, Hung Lib. |
| 245 | 1 | 0 | |a Modernisation of the ornamental fish industry in Singapore / |c by Teo Hung Lib. |
| 260 | |c 1996. | ||
| 300 | |a vi, 77 leaves : |b ill. ; |c 30 cm. | ||
| 502 | |a Dissertation (M.B.A.) -- National University of Singapore, 1996. | ||
| 504 | |a Bibliography: leaves 75-77. | ||
| 650 | 0 | |a Ornamental fish trade |z Singapore | |
| 948 | |a 26/09/1996 |b 25/11/2000 | ||
| 596 | |a 1 | ||
| 999 | |a SF458.83 S55TEO |w LC |c 1 |i A506154165 |l STACKS |m P01UTAMA |r Y |s Y |t TESIS |u 31/1/1997 | ||
